000 00862nam a2200253 a 4500
001 000023320
005 20200930022134.0
008 101202s1996 mx r 000 0 spa d
020 _a9681603273
040 _aDO-SdBNP
_bspa
_cBNPHU
082 _a913.7281
_bV986a, 1996
100 1 _aVuh, Popol
_948027
245 1 0 _aPopol Vuh :
_bLas antiguas historias del Quiché /
_ctraducidas del texto original con introducción y notas por Adrían Recinos.
250 _a26a ed.
260 _aMéxico :
_bFondo de Cultura Económica,
_c1996.
300 _a185, [5] p. ;
_c17 cm.
490 1 _aPopular
_v11
650 4 _aIndígenas de guatemala
_xLeyendas
_948028
650 4 _aQuiches
_xReligión y mitología
_948029
650 4 _aMitología indígena
_xGuatemala
_948030
700 1 _aRecinos, Adrían
_etr.
_939182
830 0 _aPopular ;
_v11
_913374
049 _aBNGR
999 _c22817
_d22817